កងចក្រជីវិត : (Record no. 6627)

MARC details
000 -LEADER
fixed length control field 02615nam a22002297a 4500
001 - CONTROL NUMBER
control field 6627
003 - CONTROL NUMBER IDENTIFIER
control field FISKH
005 - DATE AND TIME OF LATEST TRANSACTION
control field 20250519104427.0
008 - FIXED-LENGTH DATA ELEMENTS--GENERAL INFORMATION
fixed length control field 250516b cb ||||| |||| 00| 0 eng d
040 ## - CATALOGING SOURCE
Original cataloging agency FISKH
Language of cataloging khr
Transcribing agency FISKH
Modifying agency FISKH
082 ## - DEWEY DECIMAL CLASSIFICATION NUMBER
Classification number 895.9323
100 ## - MAIN ENTRY--PERSONAL NAME
Personal name Samnang, Mao
245 ## - TITLE STATEMENT
Title កងចក្រជីវិត :
Remainder of title ប្រលោមលោកមនោសញ្ចេតនា​/
Statement of responsibility, etc. អ្នកស្រី ម៉ៅ សំណាង សមាជិកា សមាគមអ្នកនិពន្ធខ្មែរ​
260 ## - PUBLICATION, DISTRIBUTION, ETC.
Place of publication, distribution, etc. ភ្នំពេញ :
Name of publisher, distributor, etc. បណ្ណាល័យ សុរិយារង្សី ,
Date of publication, distribution, etc. ២០០៨ .
300 ## - PHYSICAL DESCRIPTION
Extent 149 pages :
Other physical details illustrations ;
Dimensions 21 cm .
520 ## - SUMMARY, ETC.
Summary, etc. រឿង "កងចក្រជីវិត" ដែលសរសេរដោយ អ្នកស្រី ម៉ៅ សំណាង គឺជារឿងរ៉ាវដែលផ្តោតលើជីវិតរបស់ស្ត្រីម្នាក់ម្នាក់ម្នាក់ម្នីម្នាក់ដែលប្រឈមមុខនឹងភាពតស៊ូ និងការរឹតត្បិតនៅក្នុងសង្គម។ នាងប្រឈមមុខនឹងការលំបាកច្រើនទាំងផ្នែកគ្រួសារ និងសង្គម តែដោយក្តីប៉ុន្តែ និងការខិតខំប្រឹងប្រែង នាងបានឈានដល់ជោគជ័យ និងទទួលបានក្តីសុខសាន្ត។ រឿងនេះផ្តល់សម័យសម្រាប់ការពិចារណាអំពីអំពើឧត្តមភាពនៃមនុស្សឲ្យយើងយល់ដឹងពីតម្លៃនៃការខិតខំប្រឹងប្រែង និងការរីកចម្រើនក្នុងជីវិត
520 ## - SUMMARY, ETC.
Summary, etc. The story "Kang Chakra Chevit" written by Mrs. Mao Samnang is a narrative that focuses on the life of a woman who faces struggles and hardships within society. She encounters many difficulties in both family and social aspects, but through perseverance and hard work, she manages to achieve success and happiness. This story serves as a reflection on human resilience, helping us understand the value of determination and progress in life.
650 ## - SUBJECT ADDED ENTRY--TOPICAL TERM
Topical term or geographic name entry element កងចក្រជីវិត
Form subdivision ប្រលោមលោកមនោសញ្ចេតនា​
650 ## - SUBJECT ADDED ENTRY--TOPICAL TERM
Topical term or geographic name entry element Korng chak ji vit
Form subdivision Romantic Literature
942 ## - ADDED ENTRY ELEMENTS (KOHA)
Source of classification or shelving scheme Dewey Decimal Classification
Koha item type Khmer Books
Suppress in OPAC No
Holdings
Withdrawn status Lost status Source of classification or shelving scheme Damaged status Not for loan Collection Home library Current library Shelving location Date acquired Total Checkouts Full call number Barcode Date last seen Price effective from Koha item type
    Dewey Decimal Classification     Khmer Language Books / សៀវភៅភាសាខ្មែរ Footprints International School Library Network Toul Tom Poung Campus Footprints International School Library Network Toul Tom Poung Campus TTP Secondary Khmer Bookshelves 05/16/2025   SAM 895.9323 FISSE01652 05/16/2025 05/16/2025 Khmer Books